|
|
|
|
| LEADER |
00000cam a2200000 i 4500 |
| 001 |
1/112601 |
| 008 |
111122s2017####gr a 000 | gre|| |
| 020 |
|
|
|a 9786188031449
|
| 040 |
|
|
|a GR-MY-UA
|b gre
|e aacr
|
| 041 |
0 |
|
|a gre
|
| 082 |
0 |
|
|a 390.0949582
|2 (23)
|
| 245 |
1 |
0 |
|a Λεσβιακό ημερολόγιο 2017 :
|b γράμματα, τέχνες, πολιτισμός /
|c [επιμέλεια] Παναγιώτης Σκορδάς.
|
| 260 |
|
|
|a Μυτιλήνη :
|b Μύθος,
|c 2017.
|
| 300 |
|
|
|a 437 σ. :
|b φωτ. ;
|c 24 εκ.
|
| 650 |
0 |
0 |
|a Calendars
|z Greece
|z Lesbos (Municipality)
|
| 651 |
|
0 |
|a Lesbos (Greece : Municipality)
|x Social life and customs.
|
| 700 |
1 |
|
|a Σκορδάς, Παναγιώτης,
|e edt
|
| 852 |
|
|
|a INST
|b LESVOS
|e 20161223
|h 390.094982 ΛΕΣ
|p 005100058152
|q 005100058152
|t BK
|y 0
|
| 852 |
|
|
|a INST
|b LESVOS
|e 20161223
|h 390.094982 ΛΕΣ
|p 005100058153
|q 005100058153
|t BK
|y 0
|
| 970 |
|
|
|a Τζαφέρη
|b Ευαγγελία
|z 23-12-2016
|